Missing Word: Jelly Belly Flavors Quiz Stats

Quiz Updated Jun 17, 2015

Challenge
Share
Tweet
Embed
Score 0/20 Timer 03:00
0 Plays Today
Flavor Answer % Correct
______ ColadaPiƱa
99.2%
Tutti-______Fruitti
97%
A&W Root ______Beer
95.4%
Cotton ______Candy
94.1%
Mixed ______ SmoothieBerry
91.2%
Bubble ______Gum
87.6%
______ PuddingChocolate
77.9%
______ PopcornButtered
77.5%
A&W ______ SodaCream
77.1%
______ SherbetOrange
76.9%
Flavor Answer % Correct
______ LimeLemon
66.6%
French ______Vanilla
64.8%
______ PepperDr.
64.6%
Sunkist ______ GrapefruitPink
60.6%
Very ______Cherry
53.3%
Toasted ______Marshmallow
46.8%
Crushed ______Pineapple
31.7%
Sizzling ______Cinnamon
30.4%
Island ______Punch
23.9%
Berry ______Blue
17.3%

Today's Daily Dose

Word Ladder
KISS Hit

On This Day
January 22nd

You're not logged in!

Compare scores with friends on all Sporcle quizzes.
Sign Up with Email
OR
Log In

You Might Also Like...

Show Comments

Extras

Top Quizzes Today


Score Distribution

Your Account Isn't Verified!

In order to create a playlist on Sporcle, you need to verify the email address you used during registration. Go to your Sporcle Settings to finish the process.